[Event "Innsbruck op 5th"]
[Site "Innsbruck"]
[Date "2021.08.24"]
[Round "5"]
[White "Holzbauer, Johannes"]
[Black "Monninger, Moritz Franz"]
[Result "1/2-1/2"]
[WhiteElo "1945"]
[BlackElo "2028"]
[PlyCount "77"]
[EventDate "2021.08.21"]
[EventType "swiss"]
[EventRounds "9"]
[EventCountry "AUT"]
[SourceTitle "CBM 204 Extra"]
[Source "ChessBase"]
[SourceDate "2021.11.30"]
[SourceVersion "1"]
[SourceVersionDate "2021.11.30"]
[SourceQuality "1"]

1. d4 d5 2. Bf4 Nf6 3. c3 e6 4. e3 Bd6 5. Bg3 0-0 6. Nf3 c5 7. Nbd2 Qc7 8. Bxd6 Qxd6 9. Ne5 b6 10. Bd3 Ba6 11. Bxa6 Nxa6 12. Qe2 Nb8 13. 0-0 Nc6 14. f4 Nd7 15. a4 f6 16. Nxc6 Qxc6 17. Rfc1 Qd6 18. g3 e5 19. Qf2 Rfe8 20. Re1 Rac8 21. Nf3 cxd4 22. cxd4 e4 23. Nh4 Rc4 24. f5 Rec8 25. Ng2 Qb4 26. Nf4 Rc2 27. Qf1 Rxb2 28. Nxd5 Qd6 29. Nf4 Rcc2 30. Rec1 Qc6 31. Qd1 Qc3 32. Rxc2 Rxc2 33. Nd5 Qb2 34. Nf4 Rxh2 35. Qf1 Rf2 36. Qxf2 Qxa1+ 37. Kg2 Qxa4 38. Qe2 Qc6 39. Qa2+ 1/2-1/2

[Event "Innsbruck op 4th"]
[Site "Innsbruck"]
[Date "2020.08.23"]
[Round "2"]
[White "Holzbauer, Johannes"]
[Black "Stijve, Theo"]
[Result "0-1"]
[WhiteElo "1934"]
[BlackElo "2251"]
[PlyCount "58"]
[EventDate "2020.08.22"]
[EventType "swiss"]
[EventRounds "9"]
[EventCountry "AUT"]
[SourceTitle "CBM 198 Extra"]
[Source "ChessBase"]
[SourceDate "2020.11.30"]
[SourceVersion "1"]
[SourceVersionDate "2020.11.30"]
[SourceQuality "1"]

1. d4 Nf6 2. Bf4 d5 3. e3 c5 4. c3 Nc6 5. Nd2 Bf5 6. Qb3 Qb6 7. dxc5 Qxb3 8. axb3 e5 9. Bg3 Bxc5 10. Ngf3 d4 11. b4 dxe3 12. fxe3 Bb6 13. Nc4 0-0 14. b5 Ne7 15. Ncxe5 Ned5 16. Bf2 Rfe8 17. Bd3 Bxd3 18. Nxd3 Bc7 19. 0-0-0 Rac8 20. Kc2 Ne4 21. Kb3 a6 22. bxa6 bxa6 23. h3 Re6 24. Rhf1 Rc6 25. Nde5 Bxe5 26. Nxe5 Rb6+ 27. Ka3 Nexc3 28. Rd3 Rc5 29. b4 Rxb4 0-1

[Event "AUT-ch"]
[Site "Feistritz an der Drau"]
[Date "2014.08.29"]
[Round "7"]
[White "Holzbauer, Johannes"]
[Black "Proyer, Enno"]
[Result "1/2-1/2"]
[WhiteElo "2038"]
[BlackElo "1962"]
[PlyCount "114"]
[EventDate "2014.08.24"]
[EventType "swiss"]
[EventRounds "9"]
[EventCountry "AUT"]
[SourceTitle "CBM 162 Extra"]
[Source "ChessBase"]
[SourceDate "2014.10.17"]
[SourceVersion "1"]
[SourceVersionDate "2014.10.17"]
[SourceQuality "1"]

1. e4 e5 2. Nf3 Nc6 3. Bb5 a6 4. Bxc6 dxc6 5. 0-0 f6 6. d4 exd4 7. Nxd4 c5 8. Nb3 Qxd1 9. Rxd1 Bg4 10. f3 Bd7 11. Be3 b6 12. Nc3 0-0-0 13. a4 Ne7 14. Kf2 g5 15. e5 Nf5 16. exf6 Nxe3 17. Kxe3 Re8+ 18. Kf2 Bf5 19. Nd2 Bxc2 20. Rdc1 Bg6 21. Nce4 g4 22. a5 gxf3 23. gxf3 Kb7 24. axb6 cxb6 25. Re1 Re6 26. Rad1 Rc6 27. Nc4 Bxe4 28. Rxe4 Rxf6 29. Rd7+ Kc6 30. Ra7 Bd6 31. Rxa6 Bc7 32. Rh4 Rhf8 33. Ra3 Rf4 34. Rh6+ R8f6 35. Rxf6+ Rxf6 36. Ne3 Rf4 37. Ra7 Rh4 38. Ng4 Bxh2 39. Rf7 Bc7 40. b3 h5 41. Rh7 Rh1 42. Nf6 h4 43. Ne4 h3 44. Rh6+ Kb7 45. Rh7 h2 46. f4 Rb1 47. Rxh2 Rb2+ 48. Kg1 Rxb3 49. Rh7 Rf3 50. Ng5 Re3 51. Kf2 Re8 52. f5 Kc6 53. Kf3 Be5 54. Ke4 Bb2+ 55. Ne6 c4 56. Rc7+ Kb5 57. Kd5 Bf6 1/2-1/2

[Event "AUT-ch"]
[Site "Feistritz an der Drau"]
[Date "2014.08.28"]
[Round "6"]
[White "Kuecher, Wolfgang"]
[Black "Holzbauer, Johannes"]
[Result "1/2-1/2"]
[WhiteElo "2079"]
[BlackElo "2038"]
[PlyCount "44"]
[EventDate "2014.08.24"]
[EventType "swiss"]
[EventRounds "9"]
[EventCountry "AUT"]
[SourceTitle "CBM 162 Extra"]
[Source "ChessBase"]
[SourceDate "2014.10.17"]
[SourceVersion "1"]
[SourceVersionDate "2014.10.17"]
[SourceQuality "1"]

1. d4 Nf6 2. Nf3 d5 3. c4 c6 4. Nc3 g6 5. Bf4 Bg7 6. e3 0-0 7. Bd3 b6 8. Rc1 Bb7 9. 0-0 e6 10. b4 dxc4 11. Bxc4 Nd5 12. Nxd5 exd5 13. Be2 Qe7 14. Qb3 Nd7 15. Rc2 Rfc8 16. Rfc1 a5 17. a3 axb4 18. axb4 Bf8 19. Rb2 Bg7 20. Rbc2 Bf8 21. Rb2 Bg7 22. Rbc2 Bf8 1/2-1/2

[Event "AUT-ch"]
[Site "Feistritz an der Drau"]
[Date "2014.08.27"]
[Round "5"]
[White "Holzbauer, Johannes"]
[Black "Higatsberger, Michael"]
[Result "0-1"]
[WhiteElo "2038"]
[BlackElo "2145"]
[PlyCount "82"]
[EventDate "2014.08.24"]
[EventType "swiss"]
[EventRounds "9"]
[EventCountry "AUT"]
[SourceTitle "CBM 162 Extra"]
[Source "ChessBase"]
[SourceDate "2014.10.17"]
[SourceVersion "1"]
[SourceVersionDate "2014.10.17"]
[SourceQuality "1"]

1. b3 c5 2. Bb2 Nc6 3. e3 e6 4. f4 d6 5. Nf3 Nf6 6. Bb5 Bd7 7. 0-0 a6 8. Bxc6 Bxc6 9. d3 Be7 10. Qe2 0-0 11. c4 b5 12. Nbd2 a5 13. cxb5 Bxb5 14. Nc4 a4 15. Qc2 Nd5 16. Qd2 f5 17. g3 Bf6 18. Bxf6 Rxf6 19. Rfe1 Nb4 20. Qc3 Bc6 21. Ncd2 Rf7 22. e4 fxe4 23. dxe4 Rfa7 24. a3 Na6 25. Ng5 Qe8 26. bxa4 h6 27. Ngf3 Bxa4 28. Nc4 Rd8 29. Rab1 Bb5 30. Red1 Bxc4 31. Qxc4 Nc7 32. Rb3 Qc6 33. Rc1 Ra4 34. Qd3 Rxe4 35. Qc2 c4 36. Rc3 d5 37. Ne5 Qc5+ 38. Kg2 Ra8 39. Qb2 Nb5 40. Rf3 c3 41. Qb1 Rxa3 0-1

[Event "AUT-ch"]
[Site "Feistritz an der Drau"]
[Date "2014.08.24"]
[Round "2"]
[White "Petschar, Kurt"]
[Black "Holzbauer, Johannes"]
[Result "1-0"]
[WhiteElo "2315"]
[BlackElo "2038"]
[PlyCount "49"]
[EventDate "2014.08.24"]
[EventType "swiss"]
[EventRounds "9"]
[EventCountry "AUT"]
[SourceTitle "CBM 162 Extra"]
[Source "ChessBase"]
[SourceDate "2014.10.17"]
[SourceVersion "1"]
[SourceVersionDate "2014.10.17"]
[SourceQuality "1"]

1. d4 Nf6 2. g3 d5 3. Bg2 c6 4. c4 e6 5. Nf3 Be7 6. 0-0 0-0 7. Nc3 Nbd7 8. Qd3 Re8 9. e4 dxe4 10. Nxe4 Nxe4 11. Qxe4 Bf6 12. Re1 Qa5 13. Bd2 Qa6 14. Qc2 c5 15. Be3 cxd4 16. Nxd4 Bxd4 17. Bxd4 Nf8 18. b4 f6 19. a4 Qd6 20. Bc5 Qc7 21. Rad1 Bd7 22. Bd6 Qc8 23. b5 e5 24. Qe4 Bf5 25. Qxb7 1-0

[Event "Latschach op 27th"]
[Site "Latschach"]
[Date "2011.08.14"]
[Round "2"]
[White "Hresc, Vladimir"]
[Black "Holzbauer, Johannes"]
[Result "1-0"]
[WhiteElo "2408"]
[BlackElo "2066"]
[PlyCount "51"]
[EventDate "2011.08.13"]
[EventType "swiss"]
[EventRounds "9"]
[EventCountry "AUT"]
[SourceTitle "CBM 143 Extra"]
[Source "ChessBase"]
[SourceDate "2011.08.29"]
[SourceVersion "1"]
[SourceVersionDate "2011.08.29"]
[SourceQuality "1"]

1. e4 e6 2. d4 d5 3. Nd2 b6 4. Ngf3 Nf6 5. e5 Nfd7 6. Bd3 Ba6 7. Nf1 Bxd3 8. Qxd3 c5 9. c3 Qc8 10. h4 Qa6 11. Qxa6 Nxa6 12. Bd2 h5 13. Ne3 f6 14. exf6 gxf6 15. 0-0-0 Kf7 16. Kb1 Be7 17. Rhe1 Rhg8 18. g3 Bd6 19. c4 dxc4 20. Nxc4 Bc7 21. Be3 Rad8 22. dxc5 Ndxc5 23. Nd4 Nb4 24. Nb5 Bb8 25. Bxc5 bxc5 26. Nbd6+ 1-0

[Event "Graz op-A 17th"]
[Site "Graz"]
[Date "2010.08.29"]
[Round "2"]
[White "Holzbauer, Johannes"]
[Black "Halvax, Georg"]
[Result "0-1"]
[WhiteElo "2036"]
[BlackElo "2255"]
[PlyCount "102"]
[EventDate "2010.08.21"]
[EventType "swiss"]
[EventRounds "9"]
[EventCountry "AUT"]
[SourceTitle "CBM 138 Extra"]
[Source "ChessBase"]
[SourceDate "2010.10.29"]
[SourceVersion "1"]
[SourceVersionDate "2010.10.29"]
[SourceQuality "1"]

1. e4 e5 2. Nf3 Nc6 3. d4 exd4 4. Nxd4 Nf6 5. Nxc6 bxc6 6. Nc3 Bb4 7. Bd3 0-0 8. 0-0 Re8 9. Bg5 h6 10. Bh4 g5 11. Bg3 Bxc3 12. bxc3 Nxe4 13. Qh5 Kg7 14. h4 d6 15. Bxe4 Rxe4 16. hxg5 Qxg5 17. Qf3 Bf5 18. Rae1 Rae8 19. Rxe4 Bxe4 20. Qd1 c5 21. Kh2 Qf5 22. Qd2 Bxc2 23. Re1 Rxe1 24. Qxe1 Qh5+ 25. Kg1 Qd1 26. Qxd1 Bxd1 27. Bh4 Kf8 28. Kf1 Ke8 29. Ke1 Bh5 30. Kd2 Kd7 31. f3 Bg6 32. Bf2 Kc6 33. c4 Kb6 34. Kc3 Bb1 35. a3 h5 36. Bg3 Ka5 37. Bh4 Kb6 38. Bg5 Kc6 39. Be3 Ba2 40. Bf2 Kd7 41. Be3 c6 42. Bf2 a6 43. a4 a5 44. Be3 Kc8 45. Bf4 d5 46. Bd6 Bxc4 47. Bxc5 Bf1 48. g3 Be2 49. f4 Bd1 50. Bb6 Kb7 51. Bxa5 c5 0-1

[Event "Latschach op 23rd"]
[Site "Latschach"]
[Date "2007.08.12"]
[Round "2"]
[White "Vedder, Richard"]
[Black "Holzbauer, Johannes"]
[Result "0-1"]
[WhiteElo "2303"]
[BlackElo "2060"]
[PlyCount "100"]
[EventDate "2007.08.11"]
[EventType "swiss"]
[EventRounds "9"]
[EventCountry "AUT"]
[SourceTitle "CBM 120 Extra"]
[Source "ChessBase"]
[SourceDate "2007.11.01"]
[SourceVersion "1"]
[SourceVersionDate "2007.11.01"]
[SourceQuality "1"]

1. e4 e6 2. d4 d5 3. Nc3 Nc6 4. Nf3 Nf6 5. e5 Ne4 6. Bd3 Bb4 7. Bd2 Nxd2 8. Qxd2 f6 9. a3 Be7 10. Ne2 fxe5 11. dxe5 0-0 12. 0-0-0 Rxf3 13. gxf3 Nxe5 14. f4 Nxd3+ 15. Qxd3 c6 16. Nd4 Bd6 17. Ne2 Qf6 18. Qg3 e5 19. Qg5 Qxg5 20. fxg5 Bg4 21. Rd2 Rf8 22. Rg1 Be6 23. Nc3 e4 24. Nd1 Bxh2 25. Rg2 Be5 26. c3 Rf3 27. Kc2 Bh3 28. Rg1 Bh2 29. Re1 Bf4 30. Rd4 Bxg5 31. Rg1 Bf4 32. b4 Bf5 33. Kb3 h5 34. b5 c5 35. Ra4 Bb8 36. Rg5 g6 37. b6 a6 38. Ne3 Rxe3 39. fxe3 h4 40. Ra5 h3 41. Rg1 h2 42. Rh1 Bd6 43. c4 g5 44. cxd5 g4 45. Rxh2 Bxh2 46. Rxc5 Bd6 47. Rc2 g3 48. Kc4 Bh3 49. Kd4 g2 50. Rc1 Bh2 0-1

[Event "AUT-ch qual"]
[Site "Koeflach"]
[Date "2006.09.05"]
[Round "4"]
[White "Schachinger, Mario"]
[Black "Holzbauer, Johannes"]
[Result "1-0"]
[WhiteElo "2277"]
[BlackElo "2098"]
[PlyCount "85"]
[EventDate "2006.09.02"]
[EventType "swiss"]
[EventRounds "9"]
[EventCountry "AUT"]
[SourceTitle "CBM 114 Extra"]
[Source "ChessBase"]
[SourceDate "2006.11.03"]
[SourceVersion "1"]
[SourceVersionDate "2006.11.03"]
[SourceQuality "1"]

1. e4 b6 2. d4 Bb7 3. Bd3 e6 4. Nf3 Nf6 5. Nc3 Bb4 6. Qe2 d5 7. e5 Ne4 8. Bd2 Nxd2 9. Qxd2 Nd7 10. a3 Bxc3 11. bxc3 h6 12. 0-0 0-0 13. Rae1 Qe7 14. Qc1 c5 15. Re3 a5 16. Ne1 Ba6 17. Rg3 Bxd3 18. Nxd3 Kh7 19. f4 f5 20. exf6 Qxf6 21. Qe3 Rac8 22. f5 cxd4 23. cxd4 exf5 24. Nf4 g5 25. Nxd5 Qf7 26. Ne7 Rce8 27. Re1 Nf6 28. Rh3 Qg7 29. Nxf5 Rxe3 30. Rexe3 Nd5 31. Nxg7 Nxe3 32. Rxe3 Kxg7 33. c4 Rc8 34. Rc3 b5 35. c5 Kf7 36. Kf2 Ke6 37. Ke3 Kd5 38. Kd3 b4 39. axb4 axb4 40. Rc1 Ra8 41. c6 Kd6 42. c7 Rc8 43. Rc5 1-0

[Event "Feffernitz Raika op 14th"]
[Site "Feffernitz"]
[Date "2005.08.27"]
[Round "8"]
[White "Holzbauer, Johannes"]
[Black "Hanley, James L"]
[Result "0-1"]
[WhiteElo "2123"]
[BlackElo "2104"]
[PlyCount "94"]
[EventDate "2005.08.21"]
[EventType "swiss"]
[EventRounds "9"]
[EventCountry "AUT"]
[SourceTitle "CBM 108 Extra"]
[Source "ChessBase"]
[SourceDate "2005.11.04"]
[SourceVersion "1"]
[SourceVersionDate "2005.11.04"]
[SourceQuality "1"]

1. d4 Nf6 2. c4 g6 3. g3 Bg7 4. Bg2 0-0 5. Nf3 d6 6. 0-0 Nc6 7. Nc3 Rb8 8. Re1 Bd7 9. Rb1 e5 10. d5 Ne7 11. e4 Nh5 12. Be3 b6 13. Nh4 Qe8 14. Bf3 Nf6 15. b4 Qd8 16. c5 Ne8 17. c6 Bc8 18. a4 f5 19. Bg5 Nf6 20. Qd2 Qe8 21. Rb3 Qf7 22. Ra3 fxe4 23. Bxe4 Nxe4 24. Rxe4 Bf5 25. Bxe7 Qxe7 26. Nxf5 gxf5 27. Re2 Qf7 28. f3 Rfe8 29. Nd1 Qg6 30. Nf2 Re7 31. Kg2 Ree8 32. Qc2 Bh6 33. Qc4 e4 34. fxe4 fxe4 35. a5 e3 36. Nd1 Re4 37. Qd3 Qf6 38. axb6 axb6 39. Nc3 Rd4 40. Qb1 Rf8 41. Ra1 Rd2 42. Rxd2 Qf3+ 43. Kh3 exd2 44. Qe4 Bg7 45. Qxf3 Rxf3 46. Ra8+ Kf7 47. Nd1 Rf1 0-1

[Event "Feffernitz Raika op 14th"]
[Site "Feffernitz"]
[Date "2005.08.25"]
[Round "6"]
[White "Holzbauer, Johannes"]
[Black "Bartl, Ulf"]
[Result "1/2-1/2"]
[WhiteElo "2123"]
[BlackElo "2029"]
[PlyCount "80"]
[EventDate "2005.08.21"]
[EventType "swiss"]
[EventRounds "9"]
[EventCountry "AUT"]
[SourceTitle "CBM 108 Extra"]
[Source "ChessBase"]
[SourceDate "2005.11.04"]
[SourceVersion "1"]
[SourceVersionDate "2005.11.04"]
[SourceQuality "1"]

1. Nf3 Nf6 2. g3 g6 3. b4 Bg7 4. Bb2 0-0 5. Bg2 d5 6. 0-0 c6 7. d3 Bg4 8. h3 Bxf3 9. exf3 Nbd7 10. f4 Ne8 11. Bxg7 Nxg7 12. Nd2 e6 13. c3 Nf5 14. Kh2 Qc7 15. d4 Nf6 16. Qe2 h5 17. Qe5 Qe7 18. Rfe1 Rac8 19. Kg1 Nd7 20. Qe2 Nd6 21. h4 Qf6 22. Bh3 Nb6 23. a4 Nbc4 24. Nxc4 Nxc4 25. a5 a6 26. Bf1 Qf5 27. Kh2 Nd6 28. Bh3 Qf6 29. Qd3 Ne4 30. Re2 Nd6 31. Rae1 Rfe8 32. Rg1 Kf8 33. Rge1 Rc7 34. Qf3 Ne4 35. Re3 Rcc8 36. Qe2 Nd6 37. Qc2 Nc4 38. R3e2 Nd6 39. Qd3 Rc7 40. Kg1 Rce7 1/2-1/2

[Event "Feffernitz Raika op 14th"]
[Site "Feffernitz"]
[Date "2005.08.21"]
[Round "2"]
[White "Holzbauer, Johannes"]
[Black "Oberberger, Guenther"]
[Result "1-0"]
[WhiteElo "2123"]
[BlackElo "1927"]
[PlyCount "74"]
[EventDate "2005.08.21"]
[EventType "swiss"]
[EventRounds "9"]
[EventCountry "AUT"]
[SourceTitle "CBM 108 Extra"]
[Source "ChessBase"]
[SourceDate "2005.11.04"]
[SourceVersion "1"]
[SourceVersionDate "2005.11.04"]
[SourceQuality "1"]

1. d4 d5 2. Nf3 Nf6 3. e3 g6 4. c4 c6 5. Nc3 Bg7 6. Bd3 0-0 7. 0-0 a6 8. a3 Qc7 9. cxd5 cxd5 10. Qb3 e6 11. Bd2 Nc6 12. Rfc1 Qd8 13. Na4 Nd7 14. Nc5 Qb6 15. Qxb6 Nxb6 16. Bc3 Nd7 17. b4 Nxc5 18. bxc5 f6 19. Bc2 Bd7 20. Rab1 Nd8 21. Rb6 Bc6 22. Nd2 e5 23. Nb3 Rc8 24. Na5 Rf7 25. Rcb1 Rfc7 26. Bb3 exd4 27. Bxd4 Ne6 28. Rd1 Nxd4 29. exd4 Rd7 30. Nxc6 Rxc6 31. Rxb7 Rxb7 32. Bxd5+ Kf8 33. Bxc6 Rc7 34. d5 f5 35. Kf1 Bc3 36. Ke2 Re7+ 37. Kd3 Bb4 1-0

[Event "Faaker See op 19th"]
[Site "Faaker See"]
[Date "2003.08.14"]
[Round "7"]
[White "Marjanovic, Slavko"]
[Black "Holzbauer, Johannes"]
[Result "1/2-1/2"]
[WhiteElo "2034"]
[BlackElo "2153"]
[PlyCount "28"]
[EventDate "2003.08.09"]
[EventType "swiss"]
[EventRounds "9"]
[EventCountry "AUT"]
[SourceTitle "CBM 095 Extra"]
[Source "ChessBase"]
[SourceDate "2003.09.04"]
[SourceVersion "1"]
[SourceVersionDate "2003.09.04"]
[SourceQuality "1"]

1. d4 Nf6 2. c4 e6 3. Nf3 b6 4. g3 Bb7 5. Bg2 Bb4+ 6. Bd2 Qe7 7. Nc3 0-0 8. 0-0 d6 9. Qc2 Nbd7 10. Rfe1 Bxc3 11. Bxc3 Be4 12. Qa4 a5 13. e3 h6 14. Rad1 Nh7 1/2-1/2

[Event "Faakersee op 18th"]
[Site "Latschach"]
[Date "2002.08.11"]
[Round "2"]
[White "Legat, Albert"]
[Black "Holzbauer, Johannes"]
[Result "1/2-1/2"]
[WhiteElo "1922"]
[BlackElo "2174"]
[PlyCount "29"]
[EventDate "2002.08.??"]
[EventType "swiss"]
[EventRounds "9"]
[EventCountry "AUT"]
[SourceTitle "EXT 2006"]
[Source "ChessBase"]
[SourceDate "2005.11.24"]
[SourceVersion "1"]
[SourceVersionDate "2005.11.24"]
[SourceQuality "1"]

1. d4 Nf6 2. Nd2 d5 3. g3 g6 4. Bg2 Bg7 5. c3 0-0 6. e4 dxe4 7. Nxe4 Nxe4 8. Bxe4 e5 9. dxe5 Qxd1+ 10. Kxd1 Bxe5 11. Be3 Re8 12. Bd3 Nc6 13. Kc2 Be6 14. Ne2 Bd5 15. Rhe1 1/2-1/2

[Event "Faakersee op 18th"]
[Site "Latschach"]
[Date "2002.08.10"]
[Round "1"]
[White "Holzbauer, Johannes"]
[Black "Rutten, David"]
[Result "1-0"]
[WhiteElo "2174"]
[BlackElo "1719"]
[PlyCount "45"]
[EventDate "2002.08.??"]
[EventType "swiss"]
[EventRounds "9"]
[EventCountry "AUT"]
[SourceTitle "EXT 2006"]
[Source "ChessBase"]
[SourceDate "2005.11.24"]
[SourceVersion "1"]
[SourceVersionDate "2005.11.24"]
[SourceQuality "1"]

1. f4 c5 2. Nf3 Nc6 3. b3 d5 4. Bb2 Nf6 5. e3 Bf5 6. Bb5 e6 7. 0-0 Be7 8. d3 0-0 9. Bxc6 bxc6 10. Ne5 Qb6 11. g4 Bg6 12. g5 Bh5 13. Qe1 Ne8 14. Nd7 Qd8 15. Nxf8 Kxf8 16. Qh4 g6 17. Qh3 Nd6 18. Nd2 d4 19. e4 Bxg5 20. fxg5 Qxg5+ 21. Qg3 Qxd2 22. Qxd6+ Kg8 23. Qf4 1-0

[Event "Graz op"]
[Site "Graz"]
[Date "2001.??.??"]
[Round "8"]
[White "Holzbauer, Johannes"]
[Black "Karner, Christoph"]
[Result "0-1"]
[WhiteElo "2152"]
[BlackElo "2240"]
[PlyCount "29"]
[EventDate "2001.09.??"]
[EventType "swiss"]
[EventRounds "9"]
[EventCountry "AUT"]
[SourceTitle "EXT 2002"]
[Source "ChessBase"]
[SourceDate "2001.11.25"]
[SourceVersion "1"]
[SourceVersionDate "2001.11.25"]
[SourceQuality "1"]

1. c3 Nf6 2. d4 g6 3. Bg5 Bg7 4. Nd2 0-0 5. e3 d6 6. Bd3 Nbd7 7. Qc2 b6 8. Ne2 Bb7 9. 0-0 Qe8 10. e4 c5 11. Bb5 a6 12. Bxd7 Qxd7 13. f3 cxd4 14. cxd4 Qb5 15. Be3 0-1

[Event "Graz op"]
[Site "Graz"]
[Date "2001.??.??"]
[Round "3"]
[White "Holzbauer, Johannes"]
[Black "Spiesberger, Gerhard"]
[Result "1/2-1/2"]
[WhiteElo "2152"]
[BlackElo "2042"]
[PlyCount "47"]
[EventDate "2001.09.??"]
[EventType "swiss"]
[EventRounds "9"]
[EventCountry "AUT"]
[SourceTitle "EXT 2002"]
[Source "ChessBase"]
[SourceDate "2001.11.25"]
[SourceVersion "1"]
[SourceVersionDate "2001.11.25"]
[SourceQuality "1"]

1. d4 d5 2. Bf4 Nf6 3. Nf3 Bg4 4. e3 e6 5. Nbd2 Bd6 6. h3 Bh5 7. Bd3 Bg6 8. Ne5 Bxd3 9. cxd3 0-0 10. 0-0 c5 11. dxc5 Bxc5 12. Rc1 Bb6 13. Ndf3 Nbd7 14. Bg5 Qe8 15. Nxd7 Nxd7 16. d4 f6 17. Bf4 Qe7 18. Qb3 Rac8 19. Rc3 Rc6 20. Rfc1 Rfc8 21. Qb5 Rxc3 22. Rxc3 Qd8 23. Qb4 Kf7 24. Qb3 1/2-1/2